• 首页
  • 本馆介绍
  • 公告通知
  • 最新文献
  • 馆藏检索
  • 电子资源
  • 读者导购
  • 参考咨询
  • 我的图书馆
  • 登录
  • 详细信息显示
  • 放入我的书架
  • 预约/预借图书
  • 作者相关作品
  • 分类相关作品
  • 丛书相关作品
  • 出版社相关作品

书目信息

  • 表格格式
  • 工作单格式
  • 卡片格式
题名:
男子体操健将级规定动作图解
    
 
作者: ;国家体育运动委员会 审定
分册:  
出版信息: 北京   人民体育出版社  1981
页数: 22页
开本: 19cm
丛书名:
单 册:
中图分类: G832.1 , G830.1
科图分类:
主题词: 男子项目-竞技体操-规定动作--图解 , 体操 , 竞技体操-男子项目-规定动作--图解 , 规定动作-竞技体操-男子项目--图解
电子资源:
ISBN:
000 00862nam0 2200277 45
001 0182001748
005 20061106081522.26
010    @dCNY0.11
091    @a7015.1975
100    @a19950621d1981 em y0chiy0121 ea
101 0  @achi
102    @aCN@b110000
105    @aa z 000yy
200 10 @a男子体操健将级规定动作图解@Anan zi ti cao jian jiang ji gui ding dong zuo tu jie@f国家体育运动委员会审定
210    @a北京@c人民体育出版社@d1981
215    @a22页@d19cm
606    @a男子项目-竞技体操-规定动作@x图解
606 0  @a体操
606    @a竞技体操-男子项目-规定动作@x图解
606    @a规定动作-竞技体操-男子项目@x图解
690    @aG832.1@v4
690    @aG830.1@v3
711 02 @a国家体育运动委员会@Aguo jia ti yu yun dong wei yuan hui@4审定
801  2 @aCN@bNLC@c20061106
801  0 @aCN@b上海图书馆@c20060922
905    @f1@b73618@dG830.1@eG933
    
    男子体操健将级规定动作图解/国家体育运动委员会审定.-北京:人民体育出版社,1981
    22页;19cm
    
    
    ISBN :CNY0.11
    
●
相关链接 在E读中查询图书 在五车中查询图书 在当当中查询图书 在豆瓣中查询图书


正题名:男子体操健将级规定动作图解     索取号:G830.1/G933         预约/预借

序号 登录号 条形码 馆藏地/架位号 状态 备注
1 0073618   000995196   密集书库/ [索取号:G830.1/G933] 在馆    
2 0073620   000995187   第一样本阅览室/ [索取号:G830.1/G933] 在馆    
3 0422487   204224874   密集书库/ [索取号:G830.1/G933] 在馆    
4 0422488   204224883   密集书库/ [索取号:G830.1/G933] 在馆    
5 0448366   204483665   密集书库/ [索取号:G830.1/G933] 在馆    
6 0448367   204483674   密集书库/ [索取号:G830.1/G933] 在馆    
唐山师范学院图书馆 欢迎您!
大连网信软件有限公司© 版权所有